书目信息 |
| 题名: |
合成氨生产技术
|
|
| 作者: | 张子锋 主编 | |
| 分册: | ||
| 出版信息: | 北京 化学工业出版社 2011 |
|
| 页数: | 249页 | |
| 开本: | 26cm | |
| 丛书名: | ||
| 单 册: | ||
| 中图分类: | TQ113.26-43 | |
| 科图分类: | ||
| 主题词: | 合成氨生产--he cheng an sheng chan--高等学校--教材 | |
| 电子资源: | ||
| ISBN: | 978-7-122-11916-2 | |
| 000 | 01149nam0 2200277 450 | |
| 001 | 012001002214 | |
| 005 | 20191122094137.03 | |
| 010 | @a978-7-122-11916-2@dCNY32.00 | |
| 099 | @aCAL 012011312049 | |
| 100 | @a20110913d2011 ekmy0chiy0121 ea | |
| 101 | 0 | @achi |
| 102 | @aCN@b110000 | |
| 105 | @aak a 000yy | |
| 106 | @ar | |
| 200 | 1 | @a合成氨生产技术@Ahe cheng an sheng chan ji shu@f张子锋主编 |
| 205 | @a第2版 | |
| 210 | @a北京@c化学工业出版社@d2011 | |
| 215 | @a249页@c图@d26cm | |
| 300 | @a普通高等教育规划教材 | |
| 330 | @a本书主要阐述合成氨的生产方法、基本原理、工艺条件的选取、工艺流程及主要设备,并对各工序的操作要点、生产中经常出现的问题及处理方法作了简单介绍。力求做到层次清楚,重点突出,理论联系实际和通俗易懂。为了提高学生的安全意识,本书在第九章详细讲述了安全知识与预防措施。 | |
| 333 | @a高等院校化学工程及工艺专业学生、高职高专化工类专业学生、从事合成氨生产、管理的一线技术人员、技术工人及相关读者。 | |
| 606 | 0 | @a合成氨生产@Ahe cheng an sheng chan@x高等学校@j教材 |
| 690 | @aTQ113.26-43@v4 | |
| 701 | 0 | @a张子锋@Azhang zi feng@4主编 |
| 801 | 0 | @aCN@b北京卓展@c20191020 |
| 905 | @b1199866-9@dTQ113.26-43@e39=2@f4 | |
| 合成氨生产技术/张子锋主编.-第2版.-北京:化学工业出版社,2011 |
| 249页:图;26cm |
| 普通高等教育规划教材.-使用对象:高等院校化学工程及工艺专业学生、高职高专化工类专业学生、从事合成氨生产、管理的一线技术人员、技术工人及相关读者。 |
| ISBN 978-7-122-11916-2:CNY32.00 |
| 本书主要阐述合成氨的生产方法、基本原理、工艺条件的选取、工艺流程及主要设备,并对各工序的操作要点、生产中经常出现的问题及处理方法作了简单介绍。力求做到层次清楚,重点突出,理论联系实际和通俗易懂。为了提高学生的安全意识,本书在第九章详细讲述了安全知识与预防措施。 |
| ● |
| 相关链接 |
|
|
|
|
正题名:合成氨生产技术
索取号:TQ113.26-43/39=2
 
预约/预借
| 序号 | 登录号 | 条形码 | 馆藏地/架位号 | 状态 | 备注 |
| 1 | 1199866 | 211998668 | 第二样本阅览室/ [索取号:TQ113.26-43/39=2] | 在馆 | |
| 2 | 1199867 | 211998677 | 第三借阅区/ [索取号:TQ113.26-43/39=2] | 在馆 | |
| 3 | 1199868 | 211998686 | 第三借阅区/ [索取号:TQ113.26-43/39=2] | 在馆 | |
| 4 | 1199869 | 211998695 | 第三借阅区/ [索取号:TQ113.26-43/39=2] | 在馆 |